[Event "Match"]
[Site "www.echecsemail.com"]
[Date "2017.05.24"]
[Round "1"]
[White "Kazooie"]
[Black "Sonny1000"]
[WhiteElo "1900"]
[BlackElo "1360"]
[Result "1-0"]
[Round "1"]
1.e4 e5
2.Ng1f3 Bf8c5
3.Nf3xe5 Qd8e7
4.d4 Bc5b4
5.c3 Bb4a5
6.Bf1d3 d5
7.Qd1a4 Nb8d7
8.Qa4xa5 b6
9.Qa5xd5 Ra8b8
10.Ne5c6 Qe7d6
11.Qd5xd6 cxd6
12.Nc6xb8 Nd7xb8
13.O-O Ng8f6
14.Bc1f4 Nb8a6
15.Bf4xd6 Kd7
16.e5 Nf6g4
17.Nb1d2 Rh8e8
18.Bd3b5 Kd8
19.Bb5xe8 Kxe8
20.Nd2f3 g6
21.h3 Kd7
22.hxg4 Bc8b7
23.Nf3g5 Bb7d5
24.Ng5xh7 Kc6
25.Nh7f6 Bd5e6
26.d5 Be6xd5
27.Nf6xd5 Kxd5
28.Ra1d1 Ke6
29.b4 g5
30.b5 f5
31.gxf5 Kxf5
32.bxa6 Ke6
33.Bd6b8 g4
34.Bb8xa7 b5
35.Ba7d4 Ke7
36.a7 b4
37.a8Q b3
38.Bd4c5 Ke6
39.Qa8e8 Kf5
40.Qe8f7 Kg5
41.Bc5e3 Kh4
42.Qf7h7 { resign }
1-0

[Event "Match"]
[Site "www.echecsemail.com"]
[Date "2017.05.24"]
[Round "1"]
[White "Mitja"]
[Black "Bojan"]
[WhiteElo "2020"]
[BlackElo "1960"]
[Result "1-0"]
[Round "1"]
1.d4 g6
2.e3 Bf8g7
3.h3 b6
4.c3 Bc8b7
5.Ng1f3 Bb7a6
6.Bf1xa6 Nb8xa6
7.Qd1e2 Qd8c8
8.b3 c5
9.Bc1b2 Ng8f6
10.Nb1a3 Nf6e4
11.Nf3d2 Ne4xd2
12.Qe2xd2 cxd4
13.cxd4 O-O
14.Ra1c1 Qc8b7
15.O-O Ra8c8
16.Rc1xc8 Rf8xc8
17.Rf1c1 Rc8xc1
18.Qd2xc1 Na6b4
19.Qc1c4 a5
20.Na3c2 Nb4xa2
21.b4 Na2xb4
22.Nc2xb4 axb4
23.Qc4xb4 d6
24.Qb4b5 Kf8
25.Bb2c3 Qb7c7
26.Qb5b2 e5
27.dxe5 dxe5
28.f4 f6
29.Qb2b3 Qc7c5
30.Bc3b4 Ke8
31.Bb4xc5 bxc5
32.Qb3b5 { resign }
1-0

[Event "1/128 Finale"]
[Site "www.chess-mail.com"]
[Date "2017.05.24"]
[Round "1"]
[White "Sbb"]
[Black "Bevittsmith"]
[WhiteElo "2440"]
[BlackElo "2240"]
[Result "1-0"]
[Round "1"]
1.d4 Ng8f6
2.Ng1f3 d5
3.c4 g6
4.cxd5 Nf6xd5
5.h3 Bf8g7
6.e4 Nd5b6
7.Nb1c3 O-O
8.Bc1e3 Nb8d7
9.Ra1c1 c6
10.a4 Ra8b8
11.a5 Nb6a8
12.b4 Nd7f6
13.Bf1d3 b6
14.Nf3e5 Qd8d6
15.O-O Nf6d7
16.Ne5xc6 Qd6xc6
17.Nc3d5 Qc6d6
18.Rc1c6 { resign }
1-0

[Event "1/64 Finale"]
[Site "www.chess-mail.com"]
[Date "2017.05.24"]
[Round "1"]
[White "Guidom"]
[Black "Bojan"]
[WhiteElo "2090"]
[BlackElo "1990"]
[Result "1/2-1/2"]
[Round "1"]
1.e4 e5
2.Ng1f3 d6
3.Bf1c4 h6
4.O-O Ng8f6
5.d3 Nb8c6
6.Nb1c3 Nc6a5
7.Bc4b3 c6
8.Bc1e3 Nf6h7
9.Qd1d2 Na5xb3
10.axb3 a6
11.h3 Bf8e7
12.d4 exd4
13.Be3xd4 Nh7g5
14.Nf3xg5 Be7xg5
15.f4 Bg5f6
16.Bd4xf6 Qd8xf6
17.e5 dxe5
18.fxe5 Qf6g6
19.Qd2d6 Bc8e6
20.Ra1d1 Qg6g5
21.Rf1f3 Ra8d8
22.Qd6xd8 Qg5xd8
23.Rd1xd8 Kxd8
24.Nc3a4 Kc7
25.Na4c5 Be6d5
26.Rf3d3 Rh8e8
27.c4 Bd5e6
28.Rd3f3 Re8e7
29.Nc5xe6 fxe6
30.Rf3d3 Kb6
31.b4 Re7f7
32.Rd3d6 Kc7
33.Rd6xe6 b5
34.cxb5 axb5
35.g3 Kd7
36.Re6d6 Kc7
37.Rd6g6 Rf7e7
38.e6 Kd6
39.Kf2 Kd5
40.Ke3 Kc4
41.Rg6g4 Kd5
42.Rg4e4 g5
43.h4 Re7xe6
44.Re4xe6 Kxe6
45.Ke4 Kf6
46.h5 Ke6
47.g4 Kf6
48.Kd4 Ke6
49.Kc5 Ke5
{ draw }
1/2-1/2

[Event "1/128 Finale"]
[Site "www.chess-mail.com"]
[Date "2017.05.24"]
[Round "1"]
[White "Mitja"]
[Black "Bojan"]
[WhiteElo "2020"]
[BlackElo "1960"]
[Result "1-0"]
[Round "1"]
1.d4 c6
2.e3 e6
3.c3 Ng8f6
4.h3 d5
5.Ng1f3 b6
6.Bf1e2 h6
7.O-O Nf6h7
8.Nb1d2 Bf8d6
9.Nd2b3 Qd8f6
10.Qd1c2 Nb8d7
11.Be2d3 Nh7g5
12.Bd3e2 e5
13.dxe5 Nd7xe5
14.Nb3d4 c5
15.Nd4b5 Ne5xf3
16.Be2xf3 Ng5xf3
17.gxf3 Bd6b8
18.f4 a6
19.Nb5a3 Bc8xh3
20.f3 Bh3xf1
21.Kxf1 h5
22.Qc2d2 Qf6e6
23.b3 Bb8c7
24.Bc1b2 f6
25.c4 Ra8d8
26.cxd5 Rd8xd5
27.Qd2f2 h4
28.Na3c4 h3
29.Kg1 b5
30.e4 Rd5h5
31.f5 Qe6e7
32.Nc4e3 Rh5g5
33.Ne3g4 Qe7d6
34.Kh1 Bc7b6
35.Qf2e2 Kf7
36.Ra1d1 Qd6c7
37.Bb2c1 Rg5h5
38.Bc1e3 g6
39.fxg6 Kxg6
40.Qe2d2 Rh8h7
41.Be3f4 Qc7c8
42.Qd2d6 Bb6d8
43.Qd6f8 Rh7h8
44.Qf8d6 Rh5h7
45.Ng4e5 Kh5
46.Rd1g1 Bd8e7
47.Qd6d5 Rh8d8
48.Ne5d7 { resign }
1-0

[Event "Tourn. n9338"]
[Site "www.chess-mail.com"]
[Date "2017.05.25"]
[Round "1"]
[White "Jackbauer"]
[Black "Cjood"]
[WhiteElo "1900"]
[BlackElo "1879"]
[Result "0-1"]
[Round "1"]
1.e4 d6
2.f4 g6
3.Ng1f3 Bf8g7
4.Nb1c3 b6
5.Bf1b5 c6
6.Bb5c4 b5
7.Bc4b3 Bc8d7
8.d4 e6
9.O-O c5
10.Qd1e2 c4
11.Bb3xc4 bxc4
12.Qe2xc4 Qd8b6
13.a4 Bg7xd4
14.Nf3xd4 Nb8c6
15.Nc3e2 e5
16.fxe5 Nc6xe5
17.Qc4c3 Ra8c8
18.Qc3d2 Ne5c4
19.Qd2c3 Nc4e5
20.Qc3d2 Ne5c4
21.Qd2c3 Nc4e5
22.a5 Qb6a6
23.Qc3b3 Bd7g4
24.Rf1f2 Ng8e7
25.Bc1h6 Ne7c6
26.Nd4b5 Bg4e6
27.Nb5xd6 Ke7
28.Nd6xc8 Rh8xc8
29.Bh6g5 Kd7
30.Ra1d1 Kc7
31.Qb3a3 Ne5g4
32.Qa3d6 Kb7
33.Rf2f1 Qa6xe2
34.Rf1xf7 Be6xf7
35.Rd1f1 Bf7c4
36.a6 Kb6
37.Qd6g3 Qe2xf1

0-1

[Event "Tourn. n9367"]
[Site "www.chess-mail.com"]
[Date "2017.05.25"]
[Round "1"]
[White "Traub"]
[Black "Madz123456"]
[WhiteElo "1440"]
[BlackElo "1470"]
[Result "0-1"]
[Round "1"]
1.d4 Ng8f6
2.c4 e6
3.Ng1f3 b6
4.Nb1c3 Bc8b7
5.Qd1c2 c5
6.e3 cxd4
7.Nf3xd4 Bf8b4
 { time }
0-1

[Event "Tourn. n9234"]
[Site "www.chess-mail.com"]
[Date "2017.05.25"]
[Round "1"]
[White "Pdebonis"]
[Black "Kampungboy"]
[WhiteElo "2440"]
[BlackElo "2670"]
[Result "0-1"]
[Round "1"]
1.e4 c6
2.d4 d5
3.e5 c5
4.dxc5 e6
5.Bc1e3 Nb8d7
6.c4 Bf8xc5
7.Be3xc5 Nd7xc5
8.cxd5 exd5
9.b4 Nc5e4
10.Bf1b5 Kf8
11.Qd1d4 Qd8g5
12.Ng1e2 Qg5xg2
13.Rh1g1 Qg2xh2
14.Bb5d3 Bc8e6
15.Bd3xe4 dxe4
16.Qd4xe4 Ra8e8
17.Nb1d2 Qh2h5
18.Ra1c1 Ng8e7
19.Rc1c7 Ne7c6
20.f4 Qh5h4
21.Kd1 Qh4d8
22.Rc7xb7 Be6d5
23.Qe4e3 Nc6xe5
24.Rb7b5 Ne5g6
25.Qe3c5 Qd8e7
26.Ne2c3 Qe7xc5
27.Rb5xc5 Bd5b7
28.f5 Ng6f4
29.Nc3b5 Re8d8
30.Rc5c7 Bb7a6
31.Nb5xa7 Ba6e2
32.Kc2 h5
33.b5 h4
34.b6 Be2d3
35.Kb3 Nf4d5
36.Rc7c8 Rd8xc8
37.Na7xc8 Bd3a6
38.Nc8d6 Rh8h6
39.b7 Ba6xb7
40.Nd6xb7 Rh6b6
41.Ka3 Rb6xb7
42.Rg1h1 Rb7b4
43.Nd2f3 Rb4g4
44.Nf3xh4 Ke7
45.Rh1h2 Kf6
46.Kb3 Rg4b4
47.Kc2 Nd5e7
48.Rh2h3 Ne7xf5
49.Nh4xf5 Kxf5
50.Kc3 Rb4b7
51.Rh3h1 g5
52.Rh1f1 Kg6
53.a4 g4
54.a5 Kh5
55.Kd3 g3
{ resign }
0-1

[Event "Tourn. n9185"]
[Site "www.chess-mail.com"]
[Date "2017.05.25"]
[Round "1"]
[White "Ejner"]
[Black "Nimzo"]
[WhiteElo "2400"]
[BlackElo "2650"]
[Result "0-1"]
[Round "1"]
1.d4 d5
2.c4 e6
3.Nb1c3 Bf8e7
4.Ng1f3 Ng8f6
5.Bc1f4 O-O
6.e3 c5
7.dxc5 Be7xc5
8.Qd1c2 Nb8c6
9.a3 Rf8e8
10.Ra1d1 e5
11.Bf4g5 d4
12.Nc3d5 Bc5e7
13.Bg5xf6 Be7xf6
14.Bf1d3 g6
15.O-O Bf6g7
16.exd4 Bc8g4
17.Bd3e2 Bg4xf3
18.Be2xf3 Nc6xd4
19.Qc2d3 f5
20.Bf3e2 b5
21.Rf1e1 Ra8c8
22.b3 bxc4
23.bxc4 e4
24.Qd3d2 Kh8
25.Be2f1 Qd8h4
26.Qd2f4 Qh4xf4
27.Nd5xf4 Nd4c2
28.Re1e2 Rc8xc4
29.a4 Rc4d4
30.Re2d2 Re8d8
31.Rd2xd4 Nc2xd4
32.Rd1b1 Bg7e5
33.Nf4e2 Nd4c6
 { time }
0-1

[Event "Tourn. n9386"]
[Site "www.chess-mail.com"]
[Date "2017.05.25"]
[Round "1"]
[White "Roque1"]
[Black "Bojan"]
[WhiteElo "1940"]
[BlackElo "2010"]
[Result "1-0"]
[Round "1"]
1.e4 e5
2.Ng1f3 d6
3.d4 exd4
4.Nf3xd4 Bf8e7
5.Bf1c4 Be7f6
6.c3 Bc8d7
7.Bc1e3 Ng8e7
8.Qd1b3 O-O
9.Qb3xb7 Nb8c6
10.Qb7a6 Nc6e5
11.Bc4b3 c5
12.Nd4e2 Ne7c6
13.Nb1d2 Ra8b8
14.O-O Rb8b6
15.Qa6a3 Qd8c8
16.Bb3d5 Ne5c4
17.Nd2xc4 Rb6a6
18.Nc4xd6 Ra6xa3
19.Nd6xc8 Ra3a6
20.Nc8d6 Nc6e7
21.Be3xc5 Rf8b8
22.Ra1b1 Ne7xd5
23.exd5 Ra6xa2
24.Bc5a3 Bf6e7
25.Ne2d4 a6
26.Rf1e1 Ra2xa3
27.Re1xe7 Rb8xb2
28.Rb1e1 g6
29.Re7xd7 Ra3a4
30.Re1e8 Kg7
31.Rd7xf7 Kh6
32.h4 { resign }
1-0

[Event "Tourn. n9310"]
[Site "www.chess-mail.com"]
[Date "2017.05.25"]
[Round "1"]
[White "Jaroslavpech"]
[Black "Cristiano"]
[WhiteElo "2120"]
[BlackElo "2240"]
[Result "1-0"]
[Round "1"]
1.d4 d5
2.c4 e6
3.Nb1c3 Ng8f6
4.Bc1g5 Bf8e7
5.Ng1f3 c6
6.e3 Nb8d7
7.cxd5 exd5
8.Qd1c2 O-O
9.Bf1d3 h6
10.Bg5h4 Kh8
11.O-O Qd8c7
12.Bh4g3 Be7d6
13.Nc3b5 Bd6xg3
14.Nb5xc7 Bg3xc7
15.b4 a6
16.a3 Rf8e8
17.Nf3d2 Bc7d6
18.Nd2b3 Nf6e4
19.f3 Ne4g5
20.e4 dxe4
21.fxe4 Nd7f8
22.e5 { resign }
1-0

[Event "Tourn. n9310"]
[Site "www.chess-mail.com"]
[Date "2017.05.25"]
[Round "1"]
[White "Jaroslavpech"]
[Black "Biggles"]
[WhiteElo "2120"]
[BlackElo "2140"]
[Result "1-0"]
[Round "1"]
1.e4 e6
2.d4 d5
3.e5 c5
4.c3 Nb8c6
5.Ng1f3 Qd8b6
6.a3 Bc8d7
7.b4 cxd4
8.cxd4 Ng8e7
9.Nb1c3 a6
10.Bc1e3 Ne7g6
11.Bf1d3 Bf8e7
12.h4 h5
13.Bd3xg6 fxg6
14.Qd1d3 O-O-O
15.Qd3xg6 Kb8
16.O-O Rd8f8
17.Ra1b1 Qb6d8
18.b5 axb5
19.Nc3xb5 Be7xh4
20.Nf3xh4 Qd8xh4
21.Nb5d6 Bd7c8
22.Rf1c1 Qh4g4
23.Qg6c2 Kc7
24.Qc2a4 h4
25.Rc1xc6 bxc6
26.Qa4a7 Kd8
27.Rb1b8 { resign }
1-0

[Event "Tourn. n9226"]
[Site "www.chess-mail.com"]
[Date "2017.05.25"]
[Round "1"]
[White "Greghghs"]
[Black "Pdebonis"]
[WhiteElo "2470"]
[BlackElo "2430"]
[Result "0-1"]
[Round "1"]
1.d4 Ng8f6
2.c4 e6
3.Nb1c3 Bf8b4
4.e3 O-O
5.Bf1d3 d5
6.Ng1f3 c5
7.O-O dxc4
8.Bd3xc4 b6
9.a3 Bb4xc3
10.bxc3 Qd8c7
11.Bc4d3 Bc8b7
12.c4 Nb8d7
13.Bc1b2 Ra8d8
14.Rf1e1 Bb7e4
15.Bd3xe4 Nf6xe4
16.Ra1c1 Qc7b7
17.Qd1c2 f6
18.Rc1d1 Rf8e8
19.a4 Ne4d6
20.d5 exd5
21.Rd1xd5 Nd7b8
22.e4 Nb8c6
23.Bb2c3 Qb7c8
24.Nf3d2 a5
25.Qc2b1 Nc6b4
26.Rd5h5 Qc8e6
27.e5 f5
28.Rh5h3 g6
29.Qb1b3 Nd6f7
30.f4 Rd8d7
31.Re1f1 Re8d8
32.Nd2f3 Rd7d3
33.Rf1e1 Rd8e8
34.Rh3g3 Qe6c6
35.Re1f1 Re8e7
36.Rf1e1 Kf8
37.Re1f1 Rd3e3
38.Nf3d2 Re3xg3
39.hxg3 Re7d7
40.Rf1e1 Nf7d8
41.Re1e3 Nd8e6
42.Nd2f3 Kg8
43.Kh2 Rd7d8
44.Bc3b2 Qc6b7
45.Bb2c3 Qb7e7
46.Re3e2 Rd8d3
47.Re2d2 Rd3xd2
48.Nf3xd2 Qe7d7
49.Qb3d1 Nb4a2
50.Bc3b2 Qd7d3
51.Qd1e1 Na2b4
52.Bb2c1 Qd3c2
53.Nd2f3 Qc2xc4
54.Qe1d1 Qc4d3
55.Qd1xd3 Nb4xd3
{ resign }
0-1

[Event "Tourn. n9338"]
[Site "www.chess-mail.com"]
[Date "2017.05.25"]
[Round "1"]
[White "Cal"]
[Black "Jackbauer"]
[WhiteElo "1720"]
[BlackElo "1900"]
[Result "0-1"]
[Round "1"]
1.c4 g6
2.d4 Bf8g7
3.e3 Ng8f6
4.h3 d5
5.c5 Nb8c6
6.a3 O-O
7.Nb1c3 a6
8.Ng1f3 e6
9.Bc1d2 Rf8e8
10.Bf1d3 e5
11.dxe5 Nc6xe5
12.O-O Ne5xd3
13.Qd1c2 Nd3xc5
14.b4 Bc8f5
15.e4 Nc5xe4
16.Bd2g5 Ne4xg5
17.Qc2d2 Ng5e6
18.Nf3e5 Ne6f8
19.f4 c6
20.Ne5f3 Nf6e4
21.Nf3e5 Ne4xd2
22.Rf1f2 Nd2e4
23.Nc3xe4 Bf5xe4
24.g3 Bg7xe5
25.fxe5 Re8xe5
26.Ra1f1 Qd8b6
27.Kh2 f5
28.g4 Be4d3
29.gxf5 Bd3xf1
30.Rf2xf1 Re5e2
31.Kg3 Qb6e3
32.Rf1f3 Qe3g5
{ resign }
0-1

[Event "Tourn. n9389"]
[Site "www.chess-mail.com"]
[Date "2017.05.25"]
[Round "1"]
[White "Claymil"]
[Black "Balbyns"]
[WhiteElo "2080"]
[BlackElo "2000"]
[Result "0-1"]
[Round "1"]
1.c4 e5
2.Nb1c3 Ng8f6
3.g3 Bf8c5
4.e3 c6
5.Bf1g2 d6
6.Ng1e2 O-O
7.O-O Rf8e8
8.a3 a5
9.b3 Bc8d7
10.d4 exd4
11.Ne2xd4 Qd8c8
12.Bc1b2 Bd7h3
13.Nc3a4 Bh3xg2
14.Kxg2 Nb8d7
15.Na4xc5 Nd7xc5
16.b4 axb4
17.axb4 Nc5e6
18.h4 Ne6xd4
19.Qd1xd4 Qc8e6
20.Ra1xa8 Re8xa8
21.Rf1d1 Ra8d8
22.Qd4f4 Qe6e4
23.Qf4xe4 Nf6xe4
24.Kf3 f5
25.g4 g6
26.gxf5 gxf5
27.Rd1g1 Kf8
28.Ke2 d5
29.c5 Rd8a8
30.f3 Ra8a2
31.Rg1b1 Ne4c3
{ resign }
0-1

[Event "Tourn. n9363"]
[Site "www.chess-mail.com"]
[Date "2017.05.25"]
[Round "1"]
[White "Cjood"]
[Black "Danse"]
[WhiteElo "2050"]
[BlackElo "1980"]
[Result "0-1"]
[Round "1"]
1.e4 e5
2.Ng1f3 Nb8c6
3.Bf1c4 Bf8c5
4.O-O Ng8f6
5.Nf3g5 O-O
6.c3 d6
7.b4 Bc5b6
8.a4 a6
9.Qd1b3 Qd8e7
10.a5 Bb6a7
11.d3 h6
12.Ng5xf7 Rf8xf7
13.Bc4xf7 Qe7xf7
14.Qb3xf7 Kxf7
15.Bc1e3 Bc8e6
16.Be3xa7 Nc6xa7
17.c4 Na7c6
18.b5 Nc6d4
19.Nb1d2 axb5
20.cxb5 Nd4xb5
21.Rf1b1 c6
22.Nd2c4 Ra8a7
23.h3 Be6xc4
24.dxc4 Nb5c3
25.Rb1e1 Nc3xe4
26.f3 Ne4d2
27.Re1c1 Nd2b3
{ resign }
0-1

[Event "Tourn. n9389"]
[Site "www.chess-mail.com"]
[Date "2017.05.25"]
[Round "1"]
[White "Balbyns"]
[Black "Cjood"]
[WhiteElo "1980"]
[BlackElo "2000"]
[Result "1-0"]
[Round "1"]
1.e4 c5
2.Ng1f3 e6
3.d4 a6
4.a4 cxd4
5.Nf3xd4 Bf8c5
6.Nb1c3 Qd8b6
7.a5 Qb6a7
8.Bc1e3 f6
9.Nd4b5 axb5
10.Nc3xb5 Qa7xa5
11.Ra1xa5 Ra8xa5
12.Nb5c7 Kd8
13.Be3xc5 Ra5xc5
14.Nc7xe6 Ke7
15.Ne6xc5 b6
16.Nc5a4 Ng8h6
17.Na4xb6 Bc8b7
18.f3 Rh8d8
19.Bf1c4 Nb8c6
20.O-O Nc6e5
21.Qd1d4 Ne5xc4
22.Nb6xc4 Bb7a6
23.Qd4d6 { resign }
1-0

[Event "Tourn. n9326"]
[Site "www.chess-mail.com"]
[Date "2017.05.25"]
[Round "1"]
[White "Castletyme"]
[Black "Osopanda"]
[WhiteElo "1840"]
[BlackElo "1890"]
[Result "1-0"]
[Round "1"]
1.e4 c5
2.Ng1f3 Nb8c6
3.Bf1b5 d6
4.O-O Bc8d7
5.Bb5xc6 bxc6
6.d3 e5
7.Nb1c3 Ng8f6
8.Bc1g5 Bf8e7
9.Bg5xf6 Be7xf6
10.Nf3d2 O-O
11.f4 exf4
12.Rf1xf4 Bf6d4
13.Kh1 Qd8g5
14.Nc3e2 Bd4e3
15.Nd2f3 Qg5xf4
{ time. }
1-0

[Event "Tourn. n9390"]
[Site "www.chess-mail.com"]
[Date "2017.05.25"]
[Round "1"]
[White "Cjood"]
[Black "Mitja"]
[WhiteElo "2000"]
[BlackElo "2020"]
[Result "0-1"]
[Round "1"]
1.d4 d5
2.Nb1c3 e6
3.Bc1f4 c6
4.g4 Bf8d6
5.Bf4xd6 Qd8xd6
6.h4 Nb8d7
7.Ng1f3 b6
8.e4 dxe4
9.Nc3xe4 Qd6e7
10.Bf1d3 Bc8b7
11.c3 Ng8f6
12.Ne4xf6 Nd7xf6
13.Nf3e5 Nf6d7
14.Ne5xd7 Qe7xd7
15.O-O Qd7d5
16.f3 Qd5d6
17.Kg2 O-O-O
18.Qd1c2 Kb8
19.h5 h6
20.Ra1e1 c5
21.Bd3b5 cxd4
22.Re1d1 Qd6e5
23.Rd1xd4 Rd8xd4
24.cxd4 Qe5xb5
25.Rf1c1 Rh8c8
26.Qc2d2 Rc8xc1
27.Qd2xc1 Qb5e2
28.Kg1 Qe2xf3
{ resign }
0-1

[Event "Tourn. n9382"]
[Site "www.chess-mail.com"]
[Date "2017.05.25"]
[Round "1"]
[White "Roque1"]
[Black "Bojan"]
[WhiteElo "1930"]
[BlackElo "1990"]
[Result "1-0"]
[Round "1"]
1.e4 e5
2.Ng1f3 d6
3.d4 exd4
4.Nf3xd4 Bf8e7
5.Bf1e2 Ng8f6
6.Nb1c3 h6
7.O-O Nb8c6
8.Bc1e3 Nc6e5
9.Qd1d2 a6
10.Nd4f3 Ne5g4
11.Nc3d5 Ng4xe3
12.Qd2xe3 Nf6xd5
13.exd5 O-O
14.c4 Rf8e8
15.Qe3d3 Bc8g4
16.Ra1e1 Be7f6
17.b4 Qd8d7
18.Nf3d4 Bg4xe2
19.Re1xe2 Qd7g4
20.Nd4f3 Re8e7
21.Rf1e1 Ra8e8
22.Re2xe7 Re8xe7
23.Re1xe7 Bf6xe7
24.a4 Qg4f4
25.Qd3e3 Qf4f6
26.Nf3d4 Qf6e5
27.Kf1 Kf8
28.h3 Qe5h5
29.g4 Qh5g6
30.Nd4f5 Be7g5
31.Qe3a7 Bg5d8
32.Qa7xb7 h5
33.Qb7xa6 hxg4
34.Qa6c8 Ke8
35.hxg4 Qg6f6
36.a5 g6
37.Nf5e3 Qf6b2
38.a6 Qb2a3
39.Qc8b7 Bd8h4
40.a7 Qa3c1
41.Kg2 Bh4xf2
42.a8Q Ke7
43.Qb7xc7 Kf6
44.Qc7xd6 Kg5
45.Qd6e5 { resign }
1-0

[Event "Tourn. n9326"]
[Site "www.chess-mail.com"]
[Date "2017.05.25"]
[Round "1"]
[White "Osopanda"]
[Black "Wwgia"]
[WhiteElo "1890"]
[BlackElo "1900"]
[Result "0-1"]
[Round "1"]
1.d4 c5
2.Ng1f3 cxd4
3.Nf3xd4 g6
4.e4 Bf8g7
5.Bf1c4 Nb8c6
6.Bc1e3 Ng8f6
7.f3 O-O
8.c3 d6
9.Nb1d2 Bc8d7
10.O-O Ra8c8
11.Nd4xc6 bxc6
12.Rf1f2 d5
13.exd5 cxd5
14.Bc4f1 e5
15.Be3g5 Qd8b6
16.Nd2b3 Bd7a4
17.Bg5xf6 { time. }
0-1

[Event "Tourn. n9302"]
[Site "www.chess-mail.com"]
[Date "2017.05.25"]
[Round "1"]
[White "Jjmcbride"]
[Black "Castletyme"]
[WhiteElo "1720"]
[BlackElo "1760"]
[Result "0-1"]
[Round "1"]
1.e4 e6
2.e5 Nb8c6
3.d4 h6
4.d5 Nc6xe5
5.f4 Ne5g6
6.b3 Ng8f6
7.dxe6 dxe6
8.Qd1xd8 Kxd8
9.Bf1d3 Bc8d7
10.Ng1f3 Nf6d5
11.O-O Bf8c5
12.Kh1 Ng6xf4
13.Bc1xf4 Nd5xf4
14.Bd3e4 Nf4d5
15.Be4xd5 exd5
16.Nf3e5 Bd7e6
17.Nb1d2 f6
18.Ne5g6 Rh8g8
19.c3 Be6f7
 { time }
0-1

[Event "Tourn. n9390"]
[Site "www.chess-mail.com"]
[Date "2017.05.25"]
[Round "1"]
[White "Bojan"]
[Black "Cjood"]
[WhiteElo "1960"]
[BlackElo "2000"]
[Result "1-0"]
[Round "1"]
1.c4 g6
2.Nb1c3 Bf8g7
3.Qd1c2 d6
4.b3 e5
5.Bc1b2 Bc8f5
6.d3 Nb8d7
7.e3 Ng8e7
8.Bf1e2 c6
9.Ng1f3 Nd7f6
10.h3 c5
11.Nf3h4 Bf5e6
12.e4 a6
13.Bb2c1 h6
14.Nh4f3 g5
15.Nf3h2 Nf6h7
16.Nc3d5 Ne7c6
17.Qc2d1 b5
18.Nh2f3 bxc4
19.dxc4 Nc6d4
20.Nf3xd4 exd4
21.Ra1b1 O-O
22.Bc1d2 Nh7f6
23.Qd1c2 Ra8b8
24.f4 Rf8e8
25.fxg5 Nf6xd5
26.gxh6 Bg7xh6
27.cxd5 Qd8h4
28.Kd1 Be6c8
29.Be2f3 Bh6xd2
30.Qc2xd2 Re8xe4
31.Bf3xe4 Qh4xe4
32.Qd2g5 Kf8
33.Rb1b2 Bc8b7
34.Rh1e1 Qe4xd5
35.Qg5f6 Qd5h5
36.Kc1 Bb7d5
37.Qf6xd6 Kg7
38.Qd6xb8 Qh5g5
39.Rb2d2 a5
40.Qb8e5 Qg5xe5
41.Re1xe5 { resign }
1-0

[Event "Match"]
[Site "www.echecsemail.com"]
[Date "2017.05.25"]
[Round "1"]
[White "Irene"]
[Black "Raulazo"]
[WhiteElo "2130"]
[BlackElo "1830"]
[Result "1-0"]
[Round "1"]
1.d4 d5
2.Nb1c3 Ng8f6
3.e3 a6
4.g3 Nb8c6
5.Bf1g2 Bc8g4
6.Ng1f3 Qd8d7
7.Qd1d3 Nc6b4
8.Qd3d2 Bg4h3
9.O-O O-O-O
10.Nf3e5 Qd7e6
11.Bg2xh3 Qe6xh3
12.Ne5xf7 Rh8g8
13.Nf7xd8 Kxd8
14.a3 Nb4c6
15.b4 Nf6g4
16.f3 Ng4f6
17.Qd2g2 Qh3d7
18.Bc1b2 h5
19.Nc3a4 Nc6b8
20.Na4c5 Qd7c6
21.Qg2h3 b6
22.Nc5e6 Ke8
23.Ne6g5 Nb8d7
24.Qh3e6 Qc6xe6
25.Ng5xe6 c6
26.Ne6c7 Kd8
27.Nc7xa6 g5
28.a4 g4
29.a5 e6
30.Bb2c3 Kc8
31.axb6 Nd7xb6
32.Na6c5 Bf8xc5
33.dxc5 Nb6c4
34.Bc3xf6 Nc4xe3
35.Ra1a8 Kb7
36.Ra8xg8 Ne3xc2
37.Bf6e5 Nc2xb4
38.Rg8b8 Ka6
39.Rf1a1 { resign }
1-0

[Event "Match"]
[Site "www.echecsemail.com"]
[Date "2017.05.25"]
[Round "1"]
[White "Motorhead99"]
[Black "Pinehill"]
[WhiteElo "1770"]
[BlackElo "2020"]
[Result "1-0"]
[Round "1"]
1.d4 Ng8f6
2.e3 e6
3.Bf1d3 c5
4.c3 cxd4
5.exd4 d5
6.Bc1g5 Nb8d7
7.Ng1f3 h6
8.Bg5xf6 Nd7xf6
9.Nb1d2 Bf8d6
10.O-O O-O
11.Rf1e1 Qd8c7
12.Nf3e5 Nf6d7
13.Nd2f3 Nd7xe5
14.Nf3xe5 f6
15.Ne5g6 Rf8e8
16.Qd1h5 Qc7f7
17.Re1e3 e5
18.dxe5 fxe5
19.Re3f3 Qf7d7
20.Bd3c2 e4
21.Qh5xd5 Kh7
22.Bc2xe4 Re8xe4
23.Qd5xe4 Qd7c6
24.Ng6f8 { resign }
1-0

[Event "Match"]
[Site "www.echecsemail.com"]
[Date "2017.05.25"]
[Round "1"]
[White "Bojan"]
[Black "Cjood"]
[WhiteElo "2010"]
[BlackElo "1980"]
[Result "1-0"]
[Round "1"]
1.e4 c5
2.Ng1f3 e6
3.c3 Nb8c6
4.d4 cxd4
5.cxd4 d5
6.exd5 Qd8a5
7.Bc1d2 Qa5xd5
8.Bd2e3 Bf8b4
9.Nb1c3 Bb4xc3
10.bxc3 Ng8f6
11.h3 Nf6e4
12.Qd1c2 f5
13.c4 Qd5a5
14.Be3d2 Ne4xd2
15.Qc2xd2 Qa5xd2
16.Kxd2 O-O
17.Kc3 a6
18.Bf1e2 b6
19.a4 Bc8b7
20.Rh1e1 Ra8d8
21.Ra1d1 Nc6a5
22.g3 Bb7c6
23.Rd1a1 Bc6b7
24.Nf3g5 Rf8e8
25.Ra1b1 h6
26.Ng5f3 b5
27.axb5 axb5
28.Rb1xb5 Rd8a8
29.Nf3e5 Re8c8
30.c5 Ra8a7
31.Re1b1 Bb7e4
32.Rb1b2 Na5c6
33.Ne5c4 Rc8d8
34.Nc4d6 Ra7a3
35.Kd2 Nc6xd4
36.Rb5b8 Rd8xb8
37.Rb2xb8 Kh7
38.Be2c4 Nd4f3
39.Kc1 Ra3c3
40.Kb2 Rc3c2
41.Kb3 Nf3d2
42.Ka4 Nd2xc4
43.Nd6xe4 fxe4
44.Rb8b4 Nc4d2
45.Kb5 Nd2f3
46.Rb4xe4 Rc2xf2
47.c6 Rf2b2
48.Kc5 Rb2c2
49.Re4c4 Rc2a2
50.Kd6 Nf3g5
51.c7 Ra2a8
52.c8Q Ra8xc8
53.Rc4xc8 Ng5xh3
54.Kxe6 Nh3g5
55.Kf5 Ng5f7
56.Rc8a8 Nf7d6
57.Kf4 g5
58.Kg4 Nd6e4
59.Ra8a4 Ne4f6
60.Kf5 Nf6d5
61.Ra4a7 Kg8
62.Kg6 g4
63.Ra7a8 { resign }
1-0

[Event "Match"]
[Site "www.echecsemail.com"]
[Date "2017.05.25"]
[Round "1"]
[White "Hundegana"]
[Black "Cjood"]
[WhiteElo "2010"]
[BlackElo "1870"]
[Result "1-0"]
[Round "1"]
1.e4 e5
2.c4 Bf8c5
3.Qd1f3 Ng8f6
4.Nb1c3 c6
5.Ng1h3 d6
6.Bf1e2 Bc8e6
7.Nh3g5 Qd8b6
8.Ng5xe6 fxe6
9.Nc3a4 Qb6b4
10.Na4xc5 Qb4xc5
11.O-O Nb8d7
12.d3 O-O-O
13.a3 h5
14.Bc1e3 Qc5a5
15.b4 Qa5c7
16.a4 d5
17.cxd5 exd5
18.Ra1c1 d4
19.Be3d2 a6
20.Bd2g5 Rd8f8
21.Bg5xf6 Rf8xf6
22.Qf3g3 g6
23.b5 axb5
24.axb5 h4
25.Qg3h3 g5
26.bxc6 Rf6xc6
27.Rc1xc6 bxc6
28.Be2g4 Rh8g8
29.Rf1a1 Rg8g7
30.Qh3f3 Qc7b7
31.Qf3f8 { resign }
1-0

[Event "Match"]
[Site "www.echecsemail.com"]
[Date "2017.05.25"]
[Round "1"]
[White "Fangshuo"]
[Black "Astroboy"]
[WhiteElo "2080"]
[BlackElo "1499"]
[Result "0-1"]
[Round "1"]
1.e4 c5
2.Ng1f3 d6
3.Bf1c4 a6
4.Nb1c3 b5
5.Bc4d5 Ra8a7
6.e5 e6
7.Bd5e4 d5
8.Be4d3 c4
9.Bd3e2 Bc8b7
10.a3 d4
11.Nc3a2 d3
12.cxd3 cxd3
13.Be2f1 Bf8c5
14.Na2b4 Bb7e4
15.Qd1b3 Qd8b6
16.Bf1xd3 Bc5xf2
17.Ke2 Be4xf3
18.gxf3 Bf2g1
19.Rh1xg1 Qb6xg1
20.Bd3e4 Qg1xh2
21.Kd3 Ra7c7
22.Nb4xa6 Nb8xa6
23.Qb3xb5 Ke7
24.Qb5xa6 Qh2xe5
25.Ke2 f5
26.d3 fxe4
27.dxe4 Ng8f6
28.Qa6b6 Rh8c8
29.Bc1d2 Rc7c2
30.Qb6b4 Kf7
31.Kd3 Rc2xb2
{ resign }
0-1

[Event "Match"]
[Site "www.echecsemail.com"]
[Date "2017.05.25"]
[Round "1"]
[White "Motorhead99"]
[Black "Cjood"]
[WhiteElo "1770"]
[BlackElo "1930"]
[Result "1-0"]
[Round "1"]
1.d4 Ng8f6
2.e3 d5
3.Bf1d3 a6
4.Nb1d2 Nb8c6
5.f4 g6
6.Ng1f3 Bf8g7
7.c3 O-O
8.O-O Nf6g4
9.Qd1e2 Ng4f6
10.Nf3e5 Nc6xe5
11.fxe5 Nf6d7
12.e4 c6
13.exd5 cxd5
14.Nd2f3 Nd7b6
15.Nf3g5 h5
16.e6 f6
17.Ng5f7 Qd8c7
18.Bc1f4 Qc7c6
19.Bd3xg6 Bc8xe6
20.Qe2xh5 Rf8xf7
21.Qh5h7 Kf8
22.Bg6xf7 Kxf7
23.Qh7h5 Kg8
24.Rf1f3 Qc6d7
25.Rf3g3 Be6f5
26.Qh5h6 Bf5g4
27.Qh6g6 e5
28.dxe5 Bg4f5
29.Qg6xf6 Nb6c4
30.Bf4h6 Bf5g4
31.Bh6xg7 Qd7xg7
32.Qf6xg7 Kxg7
33.Rg3xg4 Kf7
34.Ra1f1 Ke6
35.Rg4g7 Nc4xb2
36.Rg7xb7 Nb2a4
37.Rb7b3 { resign }
1-0

[Event "Match"]
[Site "www.echecsemail.com"]
[Date "2017.05.25"]
[Round "1"]
[White "Menace"]
[Black "Motorhead99"]
[WhiteElo "2310"]
[BlackElo "1770"]
[Result "1-0"]
[Round "1"]
1.e4 d6
2.f4 Nb8d7
3.Ng1f3 Ng8f6
4.Nb1c3 e5
5.Bf1c4 h6
6.O-O Bf8e7
7.fxe5 dxe5
8.d3 c6
9.a3 b5
10.Bc4a2 g5
11.Bc1e3 Qd8c7
12.Nf3xg5 hxg5
13.Be3xg5 Rh8g8
14.Bg5h4 Qc7b6
15.Kh1 Nd7f8
16.Bh4xf6 { resign }
1-0

[Event "Match"]
[Site "www.echecsemail.com"]
[Date "2017.05.25"]
[Round "1"]
[White "Motorhead99"]
[Black "Fangshuo"]
[WhiteElo "1860"]
[BlackElo "2090"]
[Result "0-1"]
[Round "1"]
1.d4 d5
2.e3 a6
3.c4 dxc4
4.Bf1xc4 b5
5.Bc4d3 Bc8b7
6.Ng1f3 Ng8f6
7.O-O e6
8.Rf1e1 Bf8d6
9.e4 Bd6b4
10.Bc1d2 Bb4xd2
11.Nb1xd2 O-O
12.Ra1c1 Nb8c6
13.Nd2b3 Nc6b4
14.Bd3b1 Nf6d7
15.a3 Nb4c6
16.Nb3c5 Nd7xc5
17.Rc1xc5 Qd8e7
18.Qd1c1 Ra8c8
19.e5 Rf8d8
20.Rc5xc6 Bb7xc6
21.Qc1xc6 Rc8a8
22.Bb1d3 b4
23.axb4 Qe7xb4
24.Qc6e4 g6
25.h3 Qb4xb2
26.Re1b1 Qb2c3
27.Kh2 a5
28.Rb1b7 a4
29.Rb7b1 a3
{ resign }
0-1